| 000 | 00969nam a22002897a 4500 | ||
|---|---|---|---|
| 001 | 8387 | ||
| 003 | FISKH | ||
| 005 | 20250910120428.0 | ||
| 008 | 250910b cb ||||| |||| 00| 0 eng d | ||
| 020 | _a9780545552455 | ||
| 040 |
_aFISKH _beng _cFISKH _dFISKH |
||
| 082 | _a434 | ||
| 100 | _aLee, Quinlan B. | ||
| 245 |
_aTwo-Face chase / _cWritten By Quinlan B. Lee : Illustrated by Dave White |
||
| 250 | _aFirst printing, January 2014 | ||
| 260 |
_aNew York : _c2014. _bScholastic, |
||
| 300 |
_a14 unnumbered pages : _bcolor illustrations ; _c19 cm . |
||
| 490 |
_aLEGO DC Universe Super Heroes Phonics Book _vBook 6 |
||
| 505 | _aE | ||
| 520 | _aHelp your kids learn to read with Lego DC Super Heroes. Includes short and long vowel sounds: A, E, I, O, U. | ||
| 521 | 8 |
_a260
_bLexile |
|
| 521 | 8 |
_aE
_bRaz-Plus |
|
| 650 |
_aSuperheroes _vChildren's Book |
||
| 700 |
_aWhite, Dave _eIllustrator |
||
| 942 |
_2ddc _cBK _n0 |
||
| 999 |
_c8387 _d8387 |
||